Matando Cabos : características especiales /

Spremljeno u:
Bibliografski detalji
Glavni autor: Daniel Jacobs, Marc Bellver (realización)
Daljnji autori: Daniel Jacobs, Marc Bellver (montaje) (montaje)
Format: Slajd
Jezik:španjolski
Izdano: México : sin productora, fecha no identificada
Teme:
Oznake: Dodaj oznaku
Bez oznaka, Budi prvi tko označuje ovaj zapis!

MARC

LEADER 00000ngm^a2200000^a^4500
001 000184428
005 20250521000000.0
009 20260310102115.888
037 |a Acervo ITESO - Biblioteca 
041 |a ESP 
082 |a 860.  |b LOZ V. 2 
100 |a Daniel Jacobs, Marc Bellver  |e (realización) 
240 1 1 |a [Matando Cabos] 
245 1 0 |a Matando Cabos :  |b características especiales /  |c Realización de M.B. Daniel Jacobs. 
264 1 |a México :  |b sin productora,  |c fecha no identificada 
264 2 |a México :  |b Quality Films [distribución],  |c copyright fecha no identificada 
300 |a 1 DVD regiones 1 y 4  |c (61 min.) 
336 |a imagen móvil bidimensional  |b tdi  |2 rdacontenido 
337 |a video  |b v  |2 rdamedio 
338 |a videodisco  |b vd  |2 rdasoporte 
649 |a XX 
650 |a Cineastas Mexicanos 
650 |a Making Of (Documentales detrás de Cámaras) 
650 |a Documentales 
650 |a Producción Cinematográfica 
650 |a Comedias Cinematográficas -  |z México -  |x Historia y Crítica 
650 |a Cine Mexicano -  |x Historia y Crítica 
650 |a Cine Mexicano -  |y 2000-2009 
650 |a Cine Mexicano -  |y Siglo XXI 
650 |a Medios Audiovisuales 
650 |a Medios de Comunicación 
650 |a Comunicación Visual 
650 |a Comunicación Masiva 
650 |a Lozano, Alejandro 
740 0 |a Matando Cabos :  |b el Making of /  |c Realización de M.B. Daniel Jacobs. 
700 |a Daniel Jacobs, Marc Bellver  |e (montaje) 
910 |a Fondo General 
920 |a Audiovisuales - DVDs 
940 |a Películas 
905 |a 302 
901 |a 0500089189  |b IT2  |c DVS  |u 20250521 
902 |a https://opac.biblio.iteso.mx/vufind/Record/000184428